Stanlake's introductory economics.(7th ed.) (Record no. 76741)
[ view plain ]
| 000 -LEADER | |
|---|---|
| fixed length control field | 00936nam a2200193 a 4500 |
| 008 - FIXED-LENGTH DATA ELEMENTS--GENERAL INFORMATION | |
| fixed length control field | 120925s2000 ||||||||||||||||| || u |
| 020 ## - INTERNATIONAL STANDARD BOOK NUMBER | |
| International Standard Book Number | 9780582405486 |
| 050 ## - LIBRARY OF CONGRESS CALL NUMBER | |
| Classification number | HB 171.5 Gra |
| 100 ## - MAIN ENTRY--PERSONAL NAME | |
| Personal name | Grant, S. J |
| 245 10 - TITLE STATEMENT | |
| Title | Stanlake's introductory economics.(7th ed.) |
| Statement of responsibility, etc. | by S. J. Grant |
| 250 ## - EDITION STATEMENT | |
| Edition statement | 7th ed. |
| 260 ## - PUBLICATION, DISTRIBUTION, ETC. | |
| Place of publication, distribution, etc. | Harlow, Essex |
| Name of publisher, distributor, etc. | Pearson |
| Date of publication, distribution, etc. | 2000 |
| 300 ## - PHYSICAL DESCRIPTION | |
| Extent | vii, 646p. :ill. |
| 500 ## - GENERAL NOTE | |
| General note | Donated by Counsellor Kang'ombe |
| 650 #0 - SUBJECT ADDED ENTRY--TOPICAL TERM | |
| Topical term or geographic name entry element | ECONOMICS |
| 995 ## - | |
| -- | MAIN LIBRARY OPEN ACCESS |
| -- | 745319 |
| -- | CBU-MAIN LIBRARY (Kitwe) |
| -- | 9.00 |
| -- | HB 171.5 Gra |
| -- | 3 |
| -- | AVAILABLE |
| -- | Sep 4, 2015 |
| -- | 745319 |
| -- | Main Library Open Access Collection |
| 995 ## - | |
| -- | MAIN LIBRARY OPEN ACCESS |
| -- | 743354 |
| -- | CBU-MAIN LIBRARY (Kitwe) |
| -- | HB 171.5 Gra |
| -- | 1 |
| -- | AVAILABLE |
| -- | Oct 1, 2012 |
| -- | 743354 |
| -- | Main Library Open Access Collection |
| 995 ## - | |
| -- | MAIN LIBRARY OPEN ACCESS |
| -- | 743355 |
| -- | CBU-MAIN LIBRARY (Kitwe) |
| -- | HB 171.5 Gra |
| -- | 2 |
| -- | AVAILABLE |
| -- | Oct 1, 2012 |
| -- | 743355 |
| -- | Main Library Open Access Collection |
| 999 ## - | |
| -- | 76741 |
| -- | 76741 |
| Withdrawn status | Lost status | Source of classification or shelving scheme | Damaged status | Not for loan | Permanent Location | Current Location | Shelving location | Date acquired | Total Checkouts | Full call number | Barcode | Date last seen | Copy number | Price effective from | Koha item type |
|---|---|---|---|---|---|---|---|---|---|---|---|---|---|---|---|
| CBU-MAIN LIBRARY, KITWE. | CBU-MAIN LIBRARY, KITWE. | 04/25/2023 | HB 171.5 Gra | 745319 | 04/25/2023 | 1 | 04/25/2023 | MONOGRAPH | |||||||
| CBU-MAIN LIBRARY, KITWE. | CBU-MAIN LIBRARY, KITWE. | 04/25/2023 | HB 171.5 Gra | 743354 | 04/25/2023 | 2 | 04/25/2023 | MONOGRAPH | |||||||
| CBU-MAIN LIBRARY, KITWE. | CBU-MAIN LIBRARY, KITWE. | 04/25/2023 | HB 171.5 Gra | 743355 | 04/25/2023 | 3 | 04/25/2023 | MONOGRAPH |